00585nam a2200181Ia 4500003000900000008004100009040001300050040001300063041000800076100002000084245004400104250000900148260001200157260000900169300001200178490000700190600020600197IT-RoPAU120407s9999 xx 000 0 und d aIT-RoPAU cIT-RoPAU aita aBenedetto Croce aOpere di Benedetto Croce. ed. economica aBari aLaterza c1965 c18,5 cm v10 a"1. Logica come scienza del concetto puro 2. La filosofia di Giambattista Vico 3. Storia del Regno di Napoli 4. Etica e politica 5. Storia d’Europa nel secolo decimonono segue"